Central Library OPAC University of Rajshahi

Energy and the environment: (Record no. 67232)

MARC details
000 -LEADER
fixed length control field 00746nam a2200241 a 4500
001 - CONTROL NUMBER
control field 67232
003 - CONTROL NUMBER IDENTIFIER
rucl marc code BD-RjUL
005 - DATE AND TIME OF LATEST TRANSACTION
control field 20211209081629.0
008 - FIXED-LENGTH DATA ELEMENTS--GENERAL INFORMATION
fixed length control field 170323s1974 njua 00010 eng d
035 ## - SYSTEM CONTROL NUMBER
System control number (BD-RjUL)67363
040 ## - CATALOGING SOURCE
Original cataloging agency DLC
Transcribing agency DLC
Modifying agency DLC
-- BD-RjUL
Language of cataloging eng
041 ## - LANGUAGE CODE
Language code of text/sound track or separate title eng
082 00 - DEWEY DECIMAL CLASSIFICATION NUMBER
Edition number 23
Classification number 333.7
Author mark and year ENE 1974
245 10 - TITLE STATEMENT
Title Energy and the environment:
Remainder of title selected readings /
Statement of responsibility, etc. Edited and introduced by Harold Wolozin.
260 ## - PUBLICATION, DISTRIBUTION, ETC. (IMPRINT)
Place of publication, distribution, etc. Morristown, N.J. :
Name of publisher, distributor, etc. General Learning Corp.,
Date of publication, distribution, etc. c1974.
300 ## - PHYSICAL DESCRIPTION
Pagination x, 133 p. :
Illustrations ill. ;
Size 23 cm.
650 #0 - SUBJECT ADDED ENTRY--TOPICAL TERM
Topical term or geographic name as entry element Power resources
9 (RLIN) 199192
Topical term or geographic name as entry element Energy policy
9 (RLIN) 199193
Topical term or geographic name as entry element Environmental policy
9 (RLIN) 199194
700 ## - ADDED ENTRY--PERSONAL NAME
Personal name Wolozin, Harold
942 ## - ADDED ENTRY ELEMENTS (KOHA)
Source of classification or shelving scheme Dewey Decimal Classification
Koha item type Books
Holdings
Lost status Source of classification or shelving scheme Damaged status Not for loan Collection code Permanent Location Current Location Shelving location Date acquired Total Checkouts Full call number Date last seen Copy number Koha item type
  Dewey Decimal Classification   Not For Loan Non-fiction Central Library, University of Rajshahi Central Library, University of Rajshahi Reading Room 26/07/1987   333.7 ENE 1974 23/03/2017 C-1 Books